[Event "Belgrade Trophy 35th"]
[Site "Belgrade"]
[Date "2021.12.02"]
[Round "9"]
[White "Pavicevic, Jovan R"]
[Black "Petrovic, Petar"]
[Result "1-0"]
[WhiteElo "1787"]
[BlackElo "1927"]
[PlyCount "34"]
[EventDate "2021.11.24"]
[EventType "swiss"]
[EventRounds "9"]
[EventCountry "SRB"]
[SourceTitle "EXT 2023"]
[Source "ChessBase"]
[SourceDate "2022.10.05"]
[SourceVersion "1"]
[SourceVersionDate "2022.10.05"]
[SourceQuality "1"]

1. e4 c5 2. Nf3 e6 3. b3 Nf6 4. e5 Nd5 5. Bb2 Nc6 6. Bb5 a6 7. Bxc6 bxc6 8. 0-0 Be7 9. d3 0-0 10. Nbd2 f5 11. Nb1 a5 12. a4 Rb8 13. Nbd2 Ba6 14. Nc4 Bxc4 15. dxc4 Nf4 16. g3 Ng6 17. Qd2 Qc7 1-0

[Event "Belgrade Trophy 34th"]
[Site "Belgrade"]
[Date "2020.11.24"]
[Round "1"]
[White "Petrovic, Petar"]
[Black "Milosevic, Milos"]
[Result "0-1"]
[WhiteElo "1956"]
[BlackElo "2300"]
[PlyCount "68"]
[EventDate "2020.11.24"]
[EventType "swiss"]
[EventRounds "9"]
[EventCountry "SRB"]
[SourceTitle "CBM 199 Extra"]
[Source "ChessBase"]
[SourceDate "2021.01.31"]
[SourceVersion "1"]
[SourceVersionDate "2021.01.31"]
[SourceQuality "1"]

1. e4 c5 2. Nf3 d6 3. d4 cxd4 4. Nxd4 Nf6 5. Nc3 a6 6. Be2 e5 7. Nf3 Be7 8. 0-0 0-0 9. Bg5 Nbd7 10. Qd2 b5 11. a3 Bb7 12. Bxf6 Nxf6 13. Bd3 Rc8 14. Rad1 Qb6 15. Rfe1 Rfd8 16. Qe2 Rc5 17. Nd2 g6 18. Nf1 Bc6 19. Nd2 Bd7 20. h3 Be6 21. Qe3 Qb8 22. Nb3 Rcc8 23. Be2 d5 24. exd5 Nxd5 25. Nxd5 Bxd5 26. Rd2 f5 27. Bf1 e4 28. Red1 f4 29. Qe1 Qe5 30. Nd4 e3 31. fxe3 fxe3 32. Nf3 Bxf3 33. Rxd8+ Rxd8 34. gxf3 Bd6 0-1

[Event "Belgrade Trophy 32nd"]
[Site "Belgrade"]
[Date "2018.12.01"]
[Round "8"]
[White "Eric, Jovana"]
[Black "Petrovic, Petar"]
[Result "0-1"]
[WhiteElo "2257"]
[BlackElo "2017"]
[PlyCount "84"]
[EventDate "2018.11.24"]
[EventType "swiss"]
[EventRounds "9"]
[EventCountry "SRB"]
[SourceTitle "CBM 187 Extra"]
[Source "ChessBase"]
[SourceDate "2018.11.04"]
[SourceVersion "1"]
[SourceVersionDate "2018.11.04"]
[SourceQuality "1"]

1. e4 d5 2. exd5 Qxd5 3. Nc3 Qd8 4. d4 c6 5. Bc4 Nf6 6. Nf3 Bf5 7. Qe2 e6 8. Bg5 Nbd7 9. 0-0-0 Be7 10. Ne5 Nxe5 11. dxe5 Nd5 12. Bxe7 Qxe7 13. Bxd5 exd5 14. Kb1 0-0-0 15. g4 Be6 16. Rd4 Kb8 17. Rhd1 Bc8 18. f4 f6 19. Re1 Rhe8 20. Qf3 Qc5 21. Rdd1 fxe5 22. fxe5 Be6 23. Qg3 g5 24. Ne2 d4 25. Nc1 Qd5 26. c3 Qc4 27. cxd4 Rxd4 28. Rxd4 Qxd4 29. h3 Rf8 30. Nb3 Qd5 31. Qe3 h6 32. Qe2 Rd8 33. Rf1 a5 34. Nc1 a4 35. Qe3 Qb5 36. Rf6 a3 37. Qxa3 Qxe5 38. Rf8 Rxf8 39. Qxf8+ Ka7 40. Qxh6 Qe4+ 41. Ka1 Qe3 42. Kb1 Bd5 0-1

[Event "Belgrade Trophy 32nd"]
[Site "Belgrade"]
[Date "2018.11.27"]
[Round "4"]
[White "Petrovic, Petar"]
[Black "Zdravkovic, Dragan S"]
[Result "1/2-1/2"]
[WhiteElo "2017"]
[BlackElo "1810"]
[PlyCount "90"]
[EventDate "2018.11.24"]
[EventType "swiss"]
[EventRounds "9"]
[EventCountry "SRB"]
[SourceTitle "CBM 187 Extra"]
[Source "ChessBase"]
[SourceDate "2018.11.04"]
[SourceVersion "1"]
[SourceVersionDate "2018.11.04"]
[SourceQuality "1"]

1. c4 Nf6 2. Nc3 d5 3. cxd5 Nxd5 4. g3 Nxc3 5. bxc3 e5 6. Bg2 Bc5 7. e3 0-0 8. Nf3 Nc6 9. 0-0 Bg4 10. d4 Bd6 11. h3 Bh5 12. Qb3 exd4 13. Qxb7 Na5 14. Qa6 c5 15. cxd4 Qb6 16. Qxb6 axb6 17. dxc5 Bxc5 18. g4 Bg6 19. Ne5 Ra7 20. Nxg6 hxg6 21. Bd5 Rd8 22. e4 Kf8 23. Bb2 f5 24. Bc3 Re7 25. Bxa5 bxa5 26. Rac1 Ba7 27. Rc4 fxe4 28. Bxe4 g5 29. Kg2 Rd2 30. Bg6 Ree2 31. Rc8+ Ke7 32. Rc7+ Rd7 33. Rxd7+ Kxd7 34. Bf7 Rd2 35. Bb3 Kc7 36. Rc1+ Kd6 37. Rd1 Rxd1 38. Bxd1 Ke5 39. Kf3 Bc5 40. Bc2 Ba3 41. Kg3 Bc1 42. h4 gxh4+ 43. Kxh4 g5+ 44. Kg3 Bd2 45. Kf3 Kd4 1/2-1/2

[Event "Belgrade Trophy 32nd"]
[Site "Belgrade"]
[Date "2018.11.26"]
[Round "3"]
[White "Trifunovic, Novica"]
[Black "Petrovic, Petar"]
[Result "0-1"]
[WhiteElo "1831"]
[BlackElo "2017"]
[PlyCount "55"]
[EventDate "2018.11.24"]
[EventType "swiss"]
[EventRounds "9"]
[EventCountry "SRB"]
[SourceTitle "CBM 187 Extra"]
[Source "ChessBase"]
[SourceDate "2018.11.04"]
[SourceVersion "1"]
[SourceVersionDate "2018.11.04"]
[SourceQuality "1"]

1. e4 Nf6 2. Nc3 e5 3. Nf3 d6 4. Bc4 Be7 5. d4 exd4 6. Nxd4 c6 7. a4 0-0 8. 0-0 d5 9. exd5 cxd5 10. Bd3 Nc6 11. Nf5 Bb4 12. Bg5 Be6 13. Ne2 Ne5 14. Nf4 Nxd3 15. Qxd3 Qd7 16. Nxg7 Kxg7 17. Bxf6+ Kxf6 18. Qd4+ Kf5 19. g4+ Kg5 20. Qe5+ Bf5 21. Nxd5 Qe6 22. f4+ Kxg4 23. Qg7+ Bg6 24. Nf6+ Kf5 25. Nd7 f6 26. Nxf8 Bc5+ 27. Kh1 Rxf8 28. Qc7 0-1

[Event "Belgrade Trophy 31st"]
[Site "Belgrade"]
[Date "2017.11.24"]
[Round "1"]
[White "Petrovic, Petar"]
[Black "Atakisi, Umut"]
[Result "0-1"]
[WhiteElo "1997"]
[BlackElo "2366"]
[PlyCount "80"]
[EventDate "2017.11.24"]
[EventType "swiss"]
[EventRounds "9"]
[EventCountry "SRB"]
[SourceTitle "CBM 181 Extra"]
[Source "ChessBase"]
[SourceDate "2017.12.12"]
[SourceVersion "1"]
[SourceVersionDate "2017.12.12"]
[SourceQuality "1"]

1. c4 c5 2. Nc3 Nc6 3. g3 g6 4. Bg2 Bg7 5. e3 e5 6. Nge2 Nge7 7. 0-0 d6 8. b3 Be6 9. Bb2 0-0 10. Na4 a6 11. d4 b5 12. d5 bxa4 13. dxe6 fxe6 14. bxa4 Rb8 15. Bc3 d5 16. cxd5 exd5 17. Rb1 d4 18. exd4 exd4 19. Ba1 Qd6 20. Qd3 Ne5 21. Qa3 N7c6 22. Rfd1 Nc4 23. Qc1 N6a5 24. Rxb8 Rxb8 25. Nf4 Bh6 26. Bd5+ Qxd5 27. Nxd5 Bxc1 28. Rxc1 Kf7 29. Re1 Rb7 30. Kf1 g5 31. Rc1 Ke6 32. Nc3 dxc3 33. Bxc3 Nc6 34. Ke2 Kd5 35. Kd3 N4e5+ 36. Ke2 Nd4+ 37. Kf1 g4 38. Kg2 Rf7 39. Rd1 Rf3 40. Bb2 Nd3 0-1

[Event "Belgrade-chT Quality"]
[Site "Belgrade"]
[Date "2016.10.24"]
[Round "8.4"]
[White "Knezevic, Milorad G"]
[Black "Petrovic, Petar"]
[Result "1-0"]
[WhiteElo "2184"]
[BlackElo "1968"]
[PlyCount "72"]
[EventDate "2016.10.01"]
[EventType "team-tourn"]
[EventRounds "11"]
[EventCountry "SRB"]
[SourceTitle "EXT 2018"]
[Source "ChessBase"]
[SourceDate "2017.10.13"]
[SourceVersion "1"]
[SourceVersionDate "2017.10.13"]
[SourceQuality "1"]

1. e4 c5 2. Nc3 Nc6 3. g3 g6 4. Bg2 Bg7 5. d3 e6 6. Be3 Nd4 7. f4 Ne7 8. Nf3 d6 9. 0-0 0-0 10. Qd2 Rb8 11. Rae1 b5 12. Nh4 b4 13. Nd1 Qa5 14. c3 bxc3 15. bxc3 Nb5 16. e5 Rd8 17. Qf2 Nf5 18. Nxf5 exf5 19. a4 Qxa4 20. c4 Nd4 21. Bxd4 cxd4 22. Qxd4 Be6 23. Nc3 Qe8 24. Nd5 dxe5 25. fxe5 Rb3 26. Rf2 Rdb8 27. Rc2 Qd8 28. Qxa7 Rxd3 29. Nf4 Rd7 30. Qa4 Bf8 31. Bd5 Bc5+ 32. Kg2 Bxd5+ 33. cxd5 Rxd5 34. Qc6 Bb4 35. Qxd5 Bxe1 36. Qxd8+ Rxd8 1-0

[Event "SRB-ch sf"]
[Site "Belgrade"]
[Date "2016.03.22"]
[Round "2"]
[White "Koscal, Arsenije"]
[Black "Petrovic, Petar"]
[Result "0-1"]
[WhiteElo "1513"]
[BlackElo "1977"]
[PlyCount "75"]
[EventDate "2016.03.21"]
[EventType "swiss"]
[EventRounds "9"]
[EventCountry "SRB"]
[SourceTitle "CBM 171 Extra"]
[Source "ChessBase"]
[SourceDate "2016.04.26"]
[SourceVersion "1"]
[SourceVersionDate "2016.04.26"]
[SourceQuality "1"]

1. e4 d5 2. exd5 Qxd5 3. d4 c5 4. Nf3 cxd4 5. Qxd4 Qxd4 6. Nxd4 a6 7. Bf4 Nd7 8. Nc3 e6 9. Nf3 Bb4 10. 0-0-0 Bxc3 11. bxc3 Ngf6 12. Ne5 Nd5 13. Nxd7 Bxd7 14. Bd2 Rc8 15. c4 Nb6 16. Bc3 f6 17. Rd4 e5 18. Rh4 Be6 19. Bd3 Kf7 20. Rxh7 Rxh7 21. Bxh7 g6 22. f4 Rxc4 23. Ba5 Nd5 24. g4 Nxf4 25. Bd2 Bxg4 26. Rg1 Ne2+ 27. Kb2 Nxg1 28. Bh6 Bf5 29. Be3 Ne2 30. Bf2 Rxc2+ 31. Ka3 Be6 32. Kb4 Kg7 33. h4 Kxh7 34. Ka5 Rxa2+ 35. Kb6 Nd4 36. h5 gxh5 37. Bh4 Kg6 38. Ka7 0-1

[Event "SRB-ch sf"]
[Site "Belgrade"]
[Date "2016.03.21"]
[Round "1"]
[White "Petrovic, Petar"]
[Black "Masic, Predrag"]
[Result "0-1"]
[WhiteElo "1977"]
[BlackElo "2331"]
[PlyCount "88"]
[EventDate "2016.03.21"]
[EventType "swiss"]
[EventRounds "9"]
[EventCountry "SRB"]
[SourceTitle "CBM 171 Extra"]
[Source "ChessBase"]
[SourceDate "2016.04.26"]
[SourceVersion "1"]
[SourceVersionDate "2016.04.26"]
[SourceQuality "1"]

1. d4 Nf6 2. c4 c5 3. dxc5 e6 4. Nc3 Bxc5 5. e3 b6 6. a3 Bb7 7. Nf3 0-0 8. Be2 d5 9. cxd5 Nxd5 10. Bd2 Nd7 11. Nxd5 Bxd5 12. Bc3 Be7 13. 0-0 Nc5 14. b4 Ne4 15. Bd4 a5 16. bxa5 bxa5 17. Qa4 Nc5 18. Bxc5 Bxc5 19. Rfd1 Qb6 20. Rab1 Qc7 21. Rdc1 Rfc8 22. Nd4 Qe5 23. Nf3 Qe4 24. Qxe4 Bxe4 25. Rb3 Bf8 26. Rbc3 Rxc3 27. Rxc3 Rb8 28. Nd2 Rb2 29. Nxe4 Rxe2 30. g3 Ra2 31. Rc8 Rxa3 32. Nd6 Ra1+ 33. Kg2 a4 34. Ra8 a3 35. Ne4 Rc1 36. h4 h6 37. h5 f5 38. Nd2 Kf7 39. Nb3 Rc3 40. Nd4 Bc5 41. Nb5 Rc2 42. Kf3 a2 43. Nd4 Rc3 44. Nxe6 Ra3 0-1

[Event "Belgrade-ch"]
[Site "Belgrade"]
[Date "2016.01.29"]
[Round "7"]
[White "Skare, Goran"]
[Black "Petrovic, Petar"]
[Result "1-0"]
[WhiteElo "2283"]
[BlackElo "1994"]
[PlyCount "109"]
[EventDate "2016.01.23"]
[EventType "swiss"]
[EventRounds "9"]
[EventCountry "SRB"]
[SourceTitle "EXT 2017"]
[Source "ChessBase"]
[SourceDate "2016.10.25"]
[SourceVersion "1"]
[SourceVersionDate "2016.10.25"]
[SourceQuality "1"]

1. d4 Nf6 2. c4 e6 3. Nc3 Bb4 4. Qc2 d5 5. cxd5 exd5 6. Bg5 0-0 7. e3 h6 8. Bh4 c6 9. Bd3 Re8 10. Nge2 Nbd7 11. a3 Bd6 12. Bg3 Nf8 13. b4 a6 14. 0-0 Bxg3 15. Nxg3 Bg4 16. a4 Qd7 17. Rab1 b5 18. Na2 Rac8 19. Nc1 g6 20. Qc5 Qb7 21. Nb3 N8d7 22. Qc2 Kg7 23. Ra1 bxa4 24. Rxa4 Nb8 25. Nc5 Qb6 26. f3 Be6 27. e4 dxe4 28. fxe4 Qd8 29. Qc3 Nbd7 30. Rxa6 Nxc5 31. Qxc5 Ng4 32. h3 Nf6 33. Rf3 Nd7 34. Qc3 Nb8 35. d5+ f6 36. Ra7+ Bd7 37. d6 Re5 38. Ra5 Qb6+ 39. Rc5 Rce8 40. Kh2 h5 41. Nf1 Na6 42. Bxa6 Qxa6 43. Nd2 R8e6 44. Rxe5 Rxe5 45. Nb3 Qc8 46. Nc5 Qe8 47. Qa1 Be6 48. Nd3 Rxe4 49. Qxf6+ Kh6 50. Nc5 Re2 51. Rf2 Rxf2 52. Qxf2 Bf5 53. Qf4+ Kh7 54. d7 Qe7 55. Qc7 1-0

[Event "Belgrade-chT Quality"]
[Site "Belgrade"]
[Date "2015.10.18"]
[Round "6"]
[White "Tadic, Stefan"]
[Black "Petrovic, Petar"]
[Result "0-1"]
[WhiteElo "1895"]
[BlackElo "2008"]
[PlyCount "58"]
[EventDate "2015.10.03"]
[EventType "team-tourn"]
[EventRounds "11"]
[EventCountry "SRB"]
[SourceTitle "EXT 2018"]
[Source "ChessBase"]
[SourceDate "2017.10.13"]
[SourceVersion "1"]
[SourceVersionDate "2017.10.13"]
[SourceQuality "1"]

1. e4 d5 2. exd5 Qxd5 3. Nf3 c5 4. Be2 Nc6 5. 0-0 Nf6 6. Nc3 Qd8 7. Re1 g6 8. d3 Bg7 9. Ne4 Nxe4 10. dxe4 Qc7 11. c3 0-0 12. Be3 b6 13. Qc2 Bb7 14. Rad1 Rad8 15. Qc1 Ne5 16. Bf4 Rxd1 17. Rxd1 Bxe4 18. Qe3 Bxf3 19. gxf3 f6 20. Bxe5 fxe5 21. Qd3 Bf6 22. Qd7 Qb8 23. Ba6 e4 24. fxe4 Qf4 25. Be2 Be5 26. f3 Qxh2+ 27. Kf1 Bg3 28. Bc4+ Kh8 29. Rd2 Rxf3+ 0-1

[Event "Belgrade City-chT"]
[Site "Belgrade"]
[Date "2013.11.11"]
[Round "7"]
[White "Mladenovic, Aleksandar"]
[Black "Petrovic, Petar"]
[Result "1/2-1/2"]
[WhiteElo "1877"]
[BlackElo "2083"]
[PlyCount "63"]
[EventDate "2013.10.26"]
[EventType "team-tourn"]
[EventRounds "11"]
[EventCountry "SRB"]
[SourceTitle "EXT 2015"]
[Source "ChessBase"]
[SourceDate "2014.11.20"]
[SourceVersion "1"]
[SourceVersionDate "2014.11.20"]
[SourceQuality "1"]

1. d4 Nf6 2. c4 e6 3. Nc3 Bb4 4. f3 d5 5. a3 Bxc3+ 6. bxc3 h6 7. cxd5 exd5 8. e3 0-0 9. Bd3 b6 10. Ne2 Ba6 11. Bxa6 Nxa6 12. Qd3 Qc8 13. 0-0 Re8 14. Ng3 c5 15. Ra2 Nc7 16. e4 Ne6 17. e5 Nh7 18. Rc2 Qd7 19. f4 Qa4 20. f5 Nef8 21. f6 g6 22. Bxh6 cxd4 23. Bxf8 Nxf8 24. Nf5 Rxe5 25. Nh6+ Kh7 26. Nxf7 Re3 27. Qd2 Rae8 28. Qf2 dxc3 29. Ng5+ Kh6 30. Nf7+ Kh7 31. Ng5+ Kh6 32. Nf7+ 1/2-1/2

[Event "Belgrade City-chT"]
[Site "Belgrade"]
[Date "2013.11.10"]
[Round "6"]
[White "Petrovic, Petar"]
[Black "Petrovic, Radenko"]
[Result "1-0"]
[WhiteElo "2083"]
[BlackElo "2027"]
[PlyCount "77"]
[EventDate "2013.10.26"]
[EventType "team-tourn"]
[EventRounds "11"]
[EventCountry "SRB"]
[SourceTitle "EXT 2015"]
[Source "ChessBase"]
[SourceDate "2014.11.20"]
[SourceVersion "1"]
[SourceVersionDate "2014.11.20"]
[SourceQuality "1"]

1. c4 Nf6 2. Nc3 e6 3. d4 Bb4 4. e3 b6 5. Nge2 Ba6 6. a3 Be7 7. Nf4 d5 8. b3 0-0 9. Be2 Bd6 10. 0-0 Bxf4 11. exf4 Nc6 12. Be3 Na5 13. Rb1 c6 14. Re1 Qe7 15. c5 Bxe2 16. Rxe2 g6 17. Bd2 Qc7 18. Na4 b5 19. Nb2 Nh5 20. Nd3 Ng7 21. Ne5 Nb7 22. f3 Rfe8 23. Be1 a5 24. Qd2 f6 25. Ng4 Nh5 26. Bh4 Kg7 27. g3 Re7 28. Rd1 Rae8 29. Nf2 h6 30. Nd3 Kh7 31. g4 g5 32. fxg5 hxg5 33. Bf2 Nf4 34. Nxf4 gxf4 35. Bh4 Qd7 36. Bxf6 Rf7 37. Qd3+ Kg8 38. Qg6+ Kf8 39. Qh6+ 1-0

[Event "Belgrade City-chT"]
[Site "Belgrade"]
[Date "2013.10.26"]
[Round "1"]
[White "Matejic, Zoran"]
[Black "Petrovic, Petar"]
[Result "1-0"]
[WhiteElo "2173"]
[BlackElo "2083"]
[PlyCount "69"]
[EventDate "2013.10.26"]
[EventType "team-tourn"]
[EventRounds "11"]
[EventCountry "SRB"]
[SourceTitle "EXT 2015"]
[Source "ChessBase"]
[SourceDate "2014.11.20"]
[SourceVersion "1"]
[SourceVersionDate "2014.11.20"]
[SourceQuality "1"]

1. d4 Nf6 2. Nf3 e6 3. g3 b6 4. Bg2 Ba6 5. 0-0 Be7 6. Ne5 c6 7. f4 0-0 8. f5 exf5 9. Rxf5 Qc7 10. e4 d6 11. Nd3 Bc8 12. Rf4 Be6 13. Nd2 b5 14. h3 Nbd7 15. a4 bxa4 16. Rxa4 Nb6 17. Ra1 d5 18. e5 Nfd7 19. b4 Nc4 20. Nxc4 dxc4 21. Nc5 Nxc5 22. bxc5 Qd7 23. Qf3 g5 24. Rg4 Bxg4 25. Qxg4 Qxg4 26. hxg4 a5 27. Bxc6 Ra7 28. Ba4 f6 29. e6 f5 30. Ba3 fxg4 31. d5 Bf6 32. Rd1 Bc3 33. d6 Bb4 34. Bxb4 axb4 35. d7 1-0

[Event "Belgrade tt Cup"]
[Site "Belgrade"]
[Date "2013.04.21"]
[Round "5"]
[White "Radovanovic, Mihajlo"]
[Black "Petrovic, Petar"]
[Result "1-0"]
[WhiteElo "1848"]
[BlackElo "2107"]
[PlyCount "43"]
[EventDate "2013.04.17"]
[EventType "team-swiss"]
[EventRounds "5"]
[EventCountry "SRB"]
[SourceTitle "EXT 2015"]
[Source "ChessBase"]
[SourceDate "2014.11.20"]
[SourceVersion "1"]
[SourceVersionDate "2014.11.20"]
[SourceQuality "1"]

1. Nf3 Nf6 2. c4 d6 3. d4 Bf5 4. g3 c6 5. Bg2 Bxb1 6. Rxb1 Qa5+ 7. Bd2 Qxa2 8. b3 Qa6 9. Ra1 Qb6 10. Ba5 Qa6 11. Bc7 b6 12. Rxa6 Nxa6 13. Ne5 d5 14. cxd5 Nxc7 15. d6 Ncd5 16. Bxd5 cxd5 17. Qc2 Rd8 18. Qc6+ Nd7 19. Nxd7 exd6 20. Ne5+ Ke7 21. Qc7+ Ke6 22. Qxf7# 1-0